[Event "10. Miedzynarodowy Turnieju Klubu Szachowego Polonia Wroclaw - OPEN A"]
[Site "Wroclaw"]
[Date "1899-12-30"]
[Round "7.10"]
[White "Praczukowski, Stanislaw"]
[Black "Rozycki, Bartlomiej"]
[Result "1-0"]
[WhiteTitle "I++"]
[BlackTitle "k++"]
[WhiteElo "2037"]
[BlackElo "2198"]

1. c4 e5 2. g3 Nc6 3. Nc3 g6 4. Bg2 d6 5. e4 Bg7 6. Nge2 Be6 7. d3 f5 8. O-O Nf6
9. Nd5 O-O 10. Bg5 Nd4 11. Nxf6+ Bxf6 12. Nxd4 exd4 13. Bxf6 Qxf6 14. exf5 gxf5
15. Bxb7 Rab8 16. Qf3 f4 17. Bd5 Bxd5 18. Qxd5+ Kh8 19. b3 f3 20. Rfe1 Rbe8 21.
Re4 Rxe4 22. Qxe4 c5 23. Re1 Qh6 24. Qe7 Kg8 25. h4 a5 26. Qd7 Qg6 27. Re4 Kh8
28. Rg4 Qh6 29. Rg5 Qf6 30. Rd5 Rd8 31. Qc7 Re8 32. Qxd6 Re1+ 33. Kh2 Qxd6 34.
Rxd6 Re2 35. Kh3 Rxa2 36. Kg4 Rxf2 37. Rf6 Kg7 38. Rxf3 Rb2 39. Kf5 Rxb3 40. Ke4
a4 41. Rf5 Rb6 42. Rxc5 Ra6 43. Rb5 a3 44. Rb1 a2 45. Ra1 h5 46. Kxd4 Kf6 47.
Kd5 Ke7 48. Kc5 Kd7 49. Kb5 Ra8 50. d4 Kd6 51. Kb4 Rb8+ 52. Kc3 Rg8 53. Rxa2 Rxg3+
54. Kb4 Rg4 55. Ra6+ Kd7 56. Kc5 Rxh4 57. Rh6 Rh1 58. d5 h4 59. Rh7+ Kc8 60. Kc6
Kb8 1-0

[Event "10. Miedzynarodowy Turnieju Klubu Szachowego Polonia Wroclaw - OPEN A"]
[Site "Wroclaw"]
[Date "1899-12-30"]
[Round "7.11"]
[White "Pajak, Jakub"]
[Black "Zombirt, Filip"]
[Result "0-1"]
[WhiteTitle "I+"]
[BlackTitle "I+"]
[WhiteElo "1836"]
[BlackElo "2013"]

1. e4 c5 2. Nf3 d6 3. d4 cxd4 4. Nxd4 Nf6 5. Nc3 a6 6. Be3 e5 7. Nf3 h6 8. h3 Be6
9. Be2 Be7 10. a4 Nbd7 11. a5 Rc8 12. O-O O-O 13. Bd3 Nc5 14. Bxc5 Rxc5 15. Na4
Rc6 16. Nb6 Qc7 17. c4 Nd7 18. Nd5 Qd8 19. b3 Bxd5 20. cxd5 Rc3 21. Qd2 Rxb3 22.
Bc4 Rxf3 23. gxf3 Bg5 24. Qe2 Bf4 25. Rfb1 Qg5+ 26. Kh1 Qh5 27. Kg2 f5 28. Rh1
Rf6 29. Rag1 Rg6+ 30. Kf1 Rxg1+ 31. Kxg1 Nc5 32. Bd3 Nb3 33. Qc2 Nd4 34. Qc8+
Kh7 35. exf5 Nxf3+ 36. Kf1 Nd2+ 37. Ke1 Qf3 38. f6+ Qxd3 39. f7 Nf3# 0-1

[Event "10. Miedzynarodowy Turnieju Klubu Szachowego Polonia Wroclaw - OPEN A"]
[Site "Wroclaw"]
[Date "1899-12-30"]
[Round "8.2"]
[White "Dobrowolski, Piotr"]
[Black "Swicarz, Maciej"]
[Result "1/2-1/2"]
[WhiteTitle "IM"]
[BlackTitle "m"]
[WhiteElo "2416"]
[BlackElo "2268"]

1. e4 e5 2. Nf3 Nf6 3. Nxe5 d6 4. Nf3 Nxe4 5. d4 d5 6. Bd3 Nc6 7. O-O Be7 8. Nc3
Nxc3 9. bxc3 Bg4 10. Rb1 Na5 11. Re1 O-O 12. Bf4 c6 13. Re3 Bf6 14. h3 Bxf3 15.
Qxf3 b5 16. Bc7 Qxc7 17. Qf5 g6 18. Qxf6 Nb7 19. Rbe1 Qd6 20. Qh4 Kg7 21. Re7
Nd8 22. f4 Qf6 23. Qf2 Kg8 24. f5 a5 25. a3 b4 26. cxb4 axb4 27. axb4 Ne6 28.
Rd7 Nxd4 29. fxg6 Qxf2+ 30. Kxf2 hxg6 31. Ree7 Ra2 32. Kg3 Kg7 33. Rd6 Kh6 34.
b5 Ra3 35. Kf2 Rxd3 36. cxd3 Nf5 37. Red7 Nxd6 38. Rxd6 cxb5 39. Rb6 Re8 40. Rxb5
Re5 41. g4 f5 42. Kf3 Kg5 43. d4 Re1 44. Rxd5 Rh1 45. Kg3 Rg1+ 46. Kf2 Rh1 47.
Kg2 Rd1 48. gxf5 gxf5 49. Kf2 Kf4 50. Ra5 1/2-1/2

[Event "10. Miedzynarodowy Turnieju Klubu Szachowego Polonia Wroclaw - OPEN A"]
[Site "Wroclaw"]
[Date "1899-12-30"]
[Round "8.3"]
[White "Guzewicz, Rafal"]
[Black "Sielecki, Christof"]
[Result "0-1"]
[WhiteTitle "I+"]
[BlackTitle "IM"]
[WhiteElo "2045"]
[BlackElo "2437"]

1. d4 Nf6 2. Bf4 c5 3. e3 Qb6 4. Nc3 d6 5. Bb5+ Nbd7 6. a4 a6 7. a5 Qc7 8. Be2
e6 9. Nf3 Be7 10. h3 O-O 11. O-O cxd4 12. exd4 Re8 13. Bh2 Nf8 14. Nd2 Bd7 15.
Bf3 Ng6 16. Bg3 Bc6 17. Bxc6 Qxc6 18. f4 d5 19. Nb3 Bb4 20. Na2 Bd6 21. Nc3 Rac8
22. Qe2 Qc7 23. f5 exf5 24. Bxd6 Qxd6 25. Qf3 Ne7 26. Nc5 Ne4 27. N3xe4 dxe4 28.
Qf2 Qd5 29. b3 Nc6 30. c3 g6 31. Qe3 Re7 32. Ra2 Nd8 33. Qg5 Rec7 34. Raf2 Ne6
35. Qf6 Nxc5 36. Rxf5 gxf5 37. Rxf5 Qxf5 38. Qxf5 Ne6 39. Qxe4 Rxc3 40. Qxb7 Nxd4
41. Qxa6 Nxb3 42. Qf6 R3c6 43. Qg5+ Rg6 44. Qb5 Nc5 45. Qb4 Na6 46. Qd2 Rf8 47.
h4 h6 48. h5 Re6 49. Qd4 Rc8 50. Kh2 Rc5 51. Qd8+ Kg7 52. Qd4+ Ree5 53. Kg3 Rxa5
54. Kf4 Nc7 55. Kg3 Ne8 56. Kf3 Nf6 57. g4 Rg5 0-1

[Event "10. Miedzynarodowy Turnieju Klubu Szachowego Polonia Wroclaw - OPEN A"]
[Site "Wroclaw"]
[Date "1899-12-30"]
[Round "8.4"]
[White "Sieciechowicz, Marcin"]
[Black "Kulas, Szymon"]
[Result "1-0"]
[WhiteTitle "IM"]
[BlackTitle "k"]
[WhiteElo "2449"]
[BlackElo "2243"]

1. d4 Nf6 2. c4 g6 3. Nc3 Bg7 4. e4 d6 5. f4 O-O 6. Nf3 Nbd7 7. Be2 b6 8. O-O Bb7
9. e5 Ne8 10. e6 fxe6 11. Ng5 Rf6 12. Nce4 Nf8 13. Nxf6+ exf6 14. Nf3 f5 15. b3
Nf6 16. Bb2 Ne4 17. Nd2 Qf6 18. Rb1 Qh4 19. Nxe4 Bxe4 20. g3 Qd8 21. Bf3 d5 22.
Bxe4 dxe4 23. d5 Nd7 24. b4 e5 25. d6 c6 26. b5 Nc5 27. bxc6 Nd3 28. c5 exf4 29.
Qb3+ Kh8 30. c7 Qe8 31. Bxg7+ Kxg7 32. Qc3+ Kh6 33. c6 1-0

[Event "10. Miedzynarodowy Turnieju Klubu Szachowego Polonia Wroclaw - OPEN A"]
[Site "Wroclaw"]
[Date "1899-12-30"]
[Round "8.5"]
[White "Cukrowski, Filip"]
[Black "Grela, Kacper"]
[Result "1/2-1/2"]
[WhiteTitle "m"]
[BlackTitle "k"]
[WhiteElo "2330"]
[BlackElo "2294"]

1. e4 c5 2. Nf3 d6 3. d4 cxd4 4. Nxd4 Nf6 5. Nc3 Nc6 6. Bg5 e6 7. Qd2 a6 8. O-O-O
h6 9. Nxc6 bxc6 10. Bf4 d5 11. Qe3 Bb4 12. a3 Ba5 13. Be2 O-O 14. e5 Nd7 15. h4
f6 16. Bg4 Nxe5 17. Bxe5 fxe5 18. Qxe5 Qf6 19. Qxf6 Rxf6 20. Rhe1 Bc7 21. f3 Bg3
22. Re2 Bxh4 23. Na4 Rb8 24. Rd4 Bg3 25. Rb4 Rxb4 26. axb4 Bc7 27. Kb1 Kf7 28.
Re3 Rf4 29. b3 Ke7 30. Re2 a5 31. b5 cxb5 32. Nc3 Kf6 33. Nxd5+ exd5 34. Bxc8
Be5 35. Rd2 Rd4 36. Rxd4 Bxd4 37. Bd7 Ke5 38. Bxb5 Kf4 39. g4 Kxf3 40. Bd7 g6
41. Be6 Bc3 42. Kc1 d4 43. Kd1 h5 44. gxh5 gxh5 45. Bd5+ Kf2 46. Bf7 h4 47. Be6
Kg2 48. Bd5+ Kf2 49. Be6 Bb4 50. Bd7 Ke3 51. Bf5 Bc3 52. Bd7 d3 53. cxd3 Kxd3
54. Bf5+ Ke3 55. Kc2 Be5 56. Bd7 Ke2 57. Bc8 Ke3 58. Bd7 Bd4 59. Bc8 Ke2 60. Bd7
Bf2 61. Bc8 Be1 62. Bd7 Bb4 63. Bc8 Kf2 64. Kd3 Be1 65. Bd7 Bb4 66. Bc8 Bd6 67.
Bd7 Bf4 68. Bc8 Kg2 69. Bb7+ Kf2 70. Bc8 Bb8 71. Bd7 Bc7 72. Bc8 Bb6 73. Bd7 Ba7
74. Bc8 Kg2 75. Bb7+ Kh2 76. Ke2 Kg1 77. Bc8 Kg2 78. Bb7+ Kg3 79. Kf1 h3 80. Bc6
h2 81. Bb7 Kf4 82. Kg2 Ke3 1/2-1/2

[Event "10. Miedzynarodowy Turnieju Klubu Szachowego Polonia Wroclaw - OPEN A"]
[Site "Wroclaw"]
[Date "1899-12-30"]
[Round "8.6"]
[White "Piotrowski, Przemyslaw"]
[Black "Gumularz, Szymon"]
[Result "0-1"]
[WhiteTitle "k"]
[BlackTitle "I++"]
[WhiteElo "2292"]
[BlackElo "2284"]

1. Nf3 Nf6 2. g3 d5 3. d4 e6 4. Bg2 Be7 5. O-O O-O 6. c4 dxc4 7. Qc2 a6 8. a4 Bd7
9. Qxc4 Bc6 10. Bg5 Bd5 11. Qd3 c5 12. Nc3 Bc6 13. Rfd1 cxd4 14. Nxd4 Bxg2 15.
Kxg2 Nbd7 16. Bxf6 Nxf6 17. Qf3 Qb6 18. a5 Qc7 19. Na4 Bb4 20. Nb3 Qe7 21. Nb6
Rad8 22. Rac1 Bd6 23. Qc3 h6 24. e3 Nd7 25. Na4 Nf6 26. Qc4 Nd7 27. Qd4 Bb8 28.
Qe4 Nf6 29. Qc4 Rd5 30. e4 Rb5 31. Nbc5 Rxa5 32. b4 b5 33. Qc2 Rxa4 34. Nxa4 bxa4
35. Qc5 Qb7 36. f3 a3 37. Rd3 a2 38. Rd2 Ba7 39. Qc4 Be3 0-1

[Event "10. Miedzynarodowy Turnieju Klubu Szachowego Polonia Wroclaw - OPEN A"]
[Site "Wroclaw"]
[Date "1899-12-30"]
[Round "8.7"]
[White "Nguyen, Piotr"]
[Black "Maj, Pawel"]
[Result "1-0"]
[WhiteTitle "m"]
[BlackTitle "k"]
[WhiteElo "2273"]
[BlackElo "2129"]

1. c4 Nf6 2. g3 d5 3. cxd5 Nxd5 4. Bg2 Nb6 5. Nc3 g6 6. d3 Bg7 7. Be3 O-O 8. Qd2
e5 9. Bh6 Re8 10. h4 Bh8 11. h5 N8d7 12. Nf3 Nf6 13. Bg5 c6 14. O-O-O Bg7 15.
hxg6 hxg6 16. Bh6 Bh8 17. Bf8 Ng4 18. Ba3 Bg7 19. Ng5 Nd5 20. Nce4 f5 21. Nd6
Bf6 22. Ngf7 Qd7 23. e4 Nc7 24. f3 1-0

[Event "10. Miedzynarodowy Turnieju Klubu Szachowego Polonia Wroclaw - OPEN A"]
[Site "Wroclaw"]
[Date "1899-12-30"]
[Round "8.8"]
[White "Kowalczyk, Rafal"]
[Black "Kanicki, Krzysztof"]
[Result "0-1"]
[WhiteTitle "k"]
[BlackTitle "I+"]
[WhiteElo "2158"]
[BlackElo "2097"]

1. d4 d5 2. c4 c6 3. cxd5 cxd5 4. Nc3 Nc6 5. Nf3 Nf6 6. Bf4 Bf5 7. e3 e6 8. Bb5
Nd7 9. Ne5 Ndxe5 10. Bxe5 Rc8 11. O-O Bd6 12. Rc1 O-O 13. Bxc6 Rxc6 14. Qe2 Bxe5
15. dxe5 Qa5 16. f4 Rfc8 17. Rcd1 Rc4 18. Rd4 Rxd4 19. exd4 Qb6 20. Rd1 Rc4 21.
Qf2 Kf8 22. h3 h5 23. Rd2 Ke8 24. Nd1 Be4 25. Kh2 Kd7 26. Qe3 h4 27. Nc3 Bf5 28.
Ne2 Qb4 29. a3 Qe7 30. Rd1 Kc8 31. Rc1 Qc7 32. Nc3 a6 33. Qf2 Qe7 34. Qd2 Qc7
35. Qe1 Qb6 36. Qf2 Kb8 37. Rd1 Qd8 38. Qe3 Qb6 39. Rd2 Qd8 40. Ne2 b6 41. Nc3
Kb7 42. Rd1 Qc7 43. Qe1 Qd8 44. Qd2 Qc7 45. Rc1 Qc8 46. Kg1 Qc7 47. Kf2 Qc8 48.
Ne2 Rxc1 49. Qxc1 Qc4 50. Qd2 Bd3 51. Ke3 Bxe2 52. Qxe2 Qb3+ 53. Qd3 Qxb2 54.
Kf3 a5 55. f5 exf5 56. Qxf5 Qxa3+ 57. Kf2 Qe7 58. Qd3 Qb4 59. Qf5 Qxd4+ 60. Kf1
Qc4+ 61. Kg1 d4 62. Qf3+ Ka6 63. Qa8+ Kb5 64. Qe8+ Kb4 65. Qe7+ Qc5 66. Qxh4 Qxe5
67. Qh7 Qe3+ 68. Kh2 Qf4+ 69. Kg1 g6 70. Qh8 a4 71. Qd8 Qc1+ 72. Kh2 Qc5 73. Qe8
a3 74. Qxf7 g5 75. Qe6 Qc7+ 76. Kh1 Qc1+ 77. Kh2 Qf4+ 78. Kh1 b5 79. Qe1+ Ka4
80. Qe2 Qe3 81. Qc2+ Qb3 82. Qc5 Qd1+ 83. Kh2 a2 84. Qa7+ Kb3 85. Qf7+ Kb2 86.
Qf2+ Ka1 87. Qf8 Qa4 88. h4 gxh4 89. Qf4 Kb1 90. Qf1+ Kb2 91. Qe2+ Kc3 92. Qe1+
Kc4 93. Qe6+ Kd3 94. Qf5+ Kc3 95. Qc5+ Kb2 96. Qg5 a1=Q 97. Qd2+ Kb3 98. Qd3+
Qc3 99. Qd1+ Kb4 100. Qb1+ Qab3 101. Qf1 Qbc2 102. Qf8+ Qc5 103. Qg7 Qd6+ 104.
Kh3 Qf5+ 105. Kxh4 Qh2# 0-1

[Event "10. Miedzynarodowy Turnieju Klubu Szachowego Polonia Wroclaw - OPEN A"]
[Site "Wroclaw"]
[Date "1899-12-30"]
[Round "8.9"]
[White "Balinski, Damian"]
[Black "Praczukowski, Stanislaw"]
[Result "1-0"]
[WhiteTitle "k"]
[BlackTitle "I++"]
[WhiteElo "2201"]
[BlackElo "2037"]

1. d4 e6 2. Nf3 f5 3. g3 Nf6 4. Bg2 d5 5. O-O Bd6 6. c4 c6 7. b3 Qe7 8. a4 O-O
9. Ba3 Nbd7 10. Bxd6 Qxd6 11. Nc3 Ne4 12. Qc2 Ndf6 13. c5 Qe7 14. Ne5 Nd7 15.
f4 Ndxc5 16. dxc5 Qxc5+ 17. Kh1 Nxc3 18. Rac1 d4 19. e3 Qe7 20. exd4 Nd5 21. Rfe1
Qf6 22. a5 a6 23. h4 h6 24. h5 g5 25. hxg6 Ne7 26. Bf3 Nxg6 27. Kg2 Nxe5 28. dxe5
Qd8 29. b4 Bd7 30. Red1 Qe7 31. Rd6 Rad8 32. Rcd1 Bc8 33. Qd2 Rxd6 34. exd6 Qd7
35. Qd4 Kh7 36. g4 fxg4 37. Bxg4 Rg8 38. Qe4+ Kh8 39. Qe5+ Kh7 40. Kf3 Qf7 41.
Bh5 Qd7 42. Bg4 Qf7 43. Bh5 Qd7 44. Rh1 Qg7 45. Qxg7+ Rxg7 46. Ke4 Bd7 47. Kd4
Rg2 48. Kc5 Rd2 49. Rd1 Rh2 50. Bf3 Rh3 51. Be4+ Kg7 52. Kb6 Kf7 53. Kc7 Ke8 54.
Bg6+ 1-0

[Event "10. Miedzynarodowy Turnieju Klubu Szachowego Polonia Wroclaw - OPEN A"]
[Site "Wroclaw"]
[Date "1899-12-30"]
[Round "8.10"]
[White "Zombirt, Filip"]
[Black "Gelip, Ioana"]
[Result "0-1"]
[WhiteTitle "I+"]
[BlackTitle ""]
[WhiteElo "2013"]
[BlackElo "2155"]

1. d4 Nf6 2. c4 e6 3. Nc3 Bb4 4. Nf3 O-O 5. Bg5 h6 6. Bh4 d6 7. e3 Qe7 8. Be2 e5
9. O-O Bxc3 10. bxc3 Nc6 11. Qc2 b6 12. Nd2 g5 13. Bg3 exd4 14. Bf3 Bd7 15. cxd4
Rae8 16. Rab1 g4 17. Bd1 Nh5 18. Qd3 Qg5 19. Bc2 f5 20. c5 Nxg3 21. hxg3 dxc5
22. dxc5 Ne5 23. Bb3+ Kh7 24. Qa6 h5 25. Nc4 h4 26. Nxe5 Rxe5 27. gxh4 Qxh4 28.
Rfd1 Kg6 29. Qc4 Rxc5 30. Qf4 Rh8 31. Kf1 Bb5+ 32. Ke1 Qh1+ 33. Kd2 Rd8+ 34. Qd4
Qh8 35. Rh1 Rxd4+ 0-1

[Event "10. Miedzynarodowy Turnieju Klubu Szachowego Polonia Wroclaw - OPEN A"]
[Site "Wroclaw"]
[Date "1899-12-30"]
[Round "8.11"]
[White "Rozycki, Bartlomiej"]
[Black "Pajak, Jakub"]
[Result "1/2-1/2"]
[WhiteTitle "k++"]
[BlackTitle "I+"]
[WhiteElo "2198"]
[BlackElo "1836"]

1. e4 c5 2. Nf3 Nc6 3. Bb5 g6 4. Bxc6 dxc6 5. h3 Bg7 6. d3 Nf6 7. Be3 Nd7 8. Nc3
e5 9. Qd2 h6 10. O-O Qe7 11. Nh2 Nf8 12. f4 exf4 13. Bxf4 Ne6 14. Bg3 O-O 15.
e5 Qg5 16. Qxg5 Nxg5 17. Rae1 b6 18. Nf3 Nxf3+ 19. Rxf3 Be6 20. a4 a5 21. b3 Rad8
22. Rfe3 Rd7 23. Bh4 g5 24. Bf2 Rfd8 25. h4 Bd5 26. hxg5 hxg5 27. Rg3 f6 28. exf6
Bxf6 29. Nxd5 Rxd5 30. Re6 R5d6 31. Rxd6 Rxd6 32. Be3 Rd5 33. Bf4 Rf5 34. Bc7
Bd4+ 35. Kh2 Be5 36. Bxe5 Rxe5 37. Kh3 Kg7 38. Kg4 Kg6 39. Kf3 1/2-1/2

[Event "10. Miedzynarodowy Turnieju Klubu Szachowego Polonia Wroclaw - OPEN A"]
[Site "Wroclaw"]
[Date "1899-12-30"]
[Round "9.1"]
[White "Grela, Kacper"]
[Black "Cyborowski, Lukasz"]
[Result "1/2-1/2"]
[WhiteTitle "k"]
[BlackTitle "GM"]
[WhiteElo "2294"]
[BlackElo "2522"]

1. e4 c5 2. Nf3 Nc6 3. d4 cxd4 4. Nxd4 Qb6 5. Nb3 Nf6 6. Nc3 e6 7. Bd3 a6 8. O-O
Qc7 9. f4 d6 10. a4 b6 11. Qe2 Be7 12. Bd2 Bb7 13. Rae1 O-O 14. Kh1 Nb4 15. e5
Nxd3 16. Qxd3 Nd7 17. Ne4 dxe5 18. fxe5 Nxe5 19. Qg3 Bxe4 20. Rxe4 f6 21. Bh6
1/2-1/2

[Event "10. Miedzynarodowy Turnieju Klubu Szachowego Polonia Wroclaw - OPEN A"]
[Site "Wroclaw"]
[Date "1899-12-30"]
[Round "9.3"]
[White "Gumularz, Szymon"]
[Black "Sieciechowicz, Marcin"]
[Result "1/2-1/2"]
[WhiteTitle "I++"]
[BlackTitle "IM"]
[WhiteElo "2284"]
[BlackElo "2449"]

1. d4 Nf6 2. Nf3 g6 3. g3 Bg7 4. Bg2 d5 5. O-O O-O 6. c4 dxc4 7. Na3 c3 8. bxc3
c5 9. Qb3 Nc6 10. Rd1 Qd5 11. Ne5 Qxb3 12. axb3 Na5 13. Be3 cxd4 14. cxd4 Nxb3
1/2-1/2

[Event "10. Miedzynarodowy Turnieju Klubu Szachowego Polonia Wroclaw - OPEN A"]
[Site "Wroclaw"]
[Date "1899-12-30"]
[Round "9.4"]
[White "Swicarz, Maciej"]
[Black "Cukrowski, Filip"]
[Result "1/2-1/2"]
[WhiteTitle "m"]
[BlackTitle "m"]
[WhiteElo "2268"]
[BlackElo "2330"]

1. e4 c5 2. Nf3 d6 3. d4 cxd4 4. Nxd4 Nf6 5. Nc3 a6 6. Bg5 Nbd7 7. a4 h6 8. Be3
Nc5 9. Bc4 e6 10. Qf3 Qc7 11. O-O Be7 12. Ba2 O-O 13. a5 Rb8 14. b4 Ncd7 15. Bf4
Ne5 16. Qh3 Nc6 17. Nxc6 bxc6 18. Qd3 Rxb4 19. Rfd1 e5 20. Be3 c5 21. Bc4 Qa7
22. Rab1 Rxb1 23. Rxb1 Bb7 24. Rb6 Ra8 25. h3 Bc8 26. Nd5 Nxd5 27. Bxd5 Rb8 28.
Qb3 Rxb6 29. axb6 Qb8 30. Bxf7+ Kh8 31. Bg6 Bb7 32. Bxh6 d5 33. Bd2 Qd6 34. Bf5
g6 35. Bg4 dxe4 36. Qf7 Bd5 37. Qe8+ Kg7 38. Bc3 Bf6 39. Be2 Bf7 40. Qa4 Qxb6
41. Qxe4 Qd6 42. Bd3 Qe6 43. Qb7 c4 44. Be4 Qd6 45. g3 Qd1+ 46. Kg2 Qd6 47. Bb4
Qe6 48. c3 Bd8 49. Qa8 Qb6 50. Qc8 Be6 51. Qa8 a5 52. Ba3 Qc7 53. Qa6 Qb6 54.
Qa8 Qc7 55. h4 Qb6 56. Bc2 Bd7 57. Be4 Be6 58. Kg1 Qc7 59. Bc2 Bf7 60. h5 Qd7
61. Qa6 gxh5 62. Bc1 Qe6 63. Qb7 Qd5 64. Qa7 Qf3 65. Qa6 Bf6 66. Qxa5 h4 67. gxh4
Qg4+ 68. Kf1 Qh3+ 69. Kg1 Qg4+ 70. Kf1 Qxh4 71. Qa8 Qh3+ 72. Qg2+ Qxg2+ 73. Kxg2
Bg6 74. Bd1 Be4+ 75. Kg3 Bd5 76. Bh5 e4 77. Bd2 Be5+ 78. Kg4 Be6+ 79. Kg5 Bf6+
80. Kf4 Kh6 81. Be2 Bg5+ 82. Ke5 Bxd2 83. Kxe6 Bxc3 84. Kd5 Be1 85. Bxc4 Bxf2
86. Kxe4 Kh7 87. Kd4 1/2-1/2

[Event "10. Miedzynarodowy Turnieju Klubu Szachowego Polonia Wroclaw - OPEN A"]
[Site "Wroclaw"]
[Date "1899-12-30"]
[Round "9.5"]
[White "Dobrowolski, Piotr"]
[Black "Nguyen, Piotr"]
[Result "1-0"]
[WhiteTitle "IM"]
[BlackTitle "m"]
[WhiteElo "2416"]
[BlackElo "2273"]

1. e4 c5 2. c3 d5 3. exd5 Qxd5 4. d4 g6 5. Nf3 Bg7 6. Na3 cxd4 7. Nb5 Na6 8. Be3
Nh6 9. Bxd4 Bxd4 10. Qxd4 Qxd4 11. Nfxd4 O-O 12. Be2 Nc5 13. h3 Bd7 14. O-O-O
Rfc8 15. Rhe1 a6 16. Na3 e5 17. Nb3 Ba4 18. Bc4 Nxb3+ 19. axb3 Bc6 20. Bd5 Bxd5
21. Rxd5 f6 22. Rd7 b5 23. Red1 Nf7 24. Nc2 e4 25. Nb4 Ne5 26. Rb7 Rf8 27. Rd6
f5 28. Kc2 a5 29. Nc6 Rf7 30. Rxf7 Nxf7 31. Rd5 Ra6 32. Nd4 b4 33. c4 Kf8 34.
c5 Ke7 35. f3 exf3 36. gxf3 Ng5 37. Kd3 Nxh3 38. Kc4 Nf4 39. Re5+ Kd7 40. c6+
Kd6 41. Re8 Rb6 42. Rd8+ Kc7 43. Rd7+ Kc8 44. Kc5 1-0

[Event "10. Miedzynarodowy Turnieju Klubu Szachowego Polonia Wroclaw - OPEN A"]
[Site "Wroclaw"]
[Date "1899-12-30"]
[Round "9.6"]
[White "Kanicki, Krzysztof"]
[Black "Guzewicz, Rafal"]
[Result "1-0"]
[WhiteTitle "I+"]
[BlackTitle "I+"]
[WhiteElo "2097"]
[BlackElo "2045"]

1. e4 c6 2. Nf3 d5 3. d3 Bg4 4. h3 Bxf3 5. Qxf3 e6 6. g3 Nf6 7. Bg2 Nbd7 8. O-O
Bd6 9. exd5 cxd5 10. c4 O-O 11. Nc3 Ne5 12. Qe2 dxc4 13. dxc4 Nc6 14. Rd1 Qe7
15. Bg5 Rfd8 16. Bxc6 bxc6 17. Bxf6 gxf6 18. Rd3 Be5 19. Rad1 Rxd3 20. Qxd3 f5
21. Rd2 Bf6 22. Kf1 Rd8 23. Qxd8+ Qxd8 24. Rxd8+ Bxd8 25. Ke2 e5 26. f3 f6 27.
g4 fxg4 28. hxg4 Kf7 29. Kd3 Ke6 30. Ke4 h5 31. gxh5 f5+ 32. Kd3 Kf6 33. b4 Kg5
34. b5 c5 35. Na4 Be7 36. b6 axb6 37. Nxb6 Kxh5 38. Nd7 Kg5 39. Nxe5 Kf6 40. Nc6
Bd6 41. Na5 Ke6 42. Nb3 Kd7 43. Ke3 Kc6 44. Kf2 Kd7 45. Nc1 Kc6 46. Kg2 Bf4 47.
Nb3 Be3 48. Kf1 Kb6 49. Ke2 Bg1 50. Kd2 Bf2 51. Kc2 Bg1 52. Nc1 Ka5 53. Kb3 Be3
54. Ne2 Bg5 55. Ng3 f4 56. Ne4 Be7 57. Nc3 Bf8 58. Nd5 Bd6 59. Nf6 Bf8 60. Ne4
Be7 61. Nd2 Bf8 62. Ka3 Bg7 63. Nb3+ Kb6 64. Ka4 Bf8 65. Nc1 Be7 66. Kb3 Ka5 67.
a4 Bf8 68. Ka3 Be7 69. Nb3+ Ka6 70. Kb2 Kb6 71. Kc2 Bh4 72. Kd3 Bf2 73. Ke4 Be3
74. Kd5 Bg1 75. Nxc5 Ka5 76. Ne6 1-0

[Event "10. Miedzynarodowy Turnieju Klubu Szachowego Polonia Wroclaw - OPEN A"]
[Site "Wroclaw"]
[Date "1899-12-30"]
[Round "9.8"]
[White "Balinski, Damian"]
[Black "Zombirt, Filip"]
[Result "1-0"]
[WhiteTitle "k"]
[BlackTitle "I+"]
[WhiteElo "2201"]
[BlackElo "2013"]

1. d4 Nf6 2. Nf3 c5 3. c3 g6 4. dxc5 Bg7 5. b4 b6 6. cxb6 Qxb6 7. Bb2 Nc6 8. Nbd2
Ng4 9. e3 Nxb4 10. Nc4 Qb8 11. cxb4 Bxb2 12. Nxb2 Qxb4+ 13. Qd2 Qb8 14. Be2 O-O
15. h3 Nf6 16. O-O Ne4 17. Qd4 Bb7 18. Rab1 d6 19. Nc4 Qc7 20. Rfc1 Rfc8 21. Bd3
Nc5 22. Ncd2 Qa5 23. Nb3 Nxb3 24. axb3 e5 25. Qh4 Rxc1+ 26. Rxc1 Bxf3 27. gxf3
Qd2 28. Qc4 Rb8 29. Be4 1-0

[Event "10. Miedzynarodowy Turnieju Klubu Szachowego Polonia Wroclaw - OPEN A"]
[Site "Wroclaw"]
[Date "1899-12-30"]
[Round "9.9"]
[White "Gelip, Ioana"]
[Black "Praczukowski, Stanislaw"]
[Result "1-0"]
[WhiteTitle ""]
[BlackTitle "I++"]
[WhiteElo "2155"]
[BlackElo "2037"]

1. e4 c5 2. Nf3 d6 3. d4 cxd4 4. Nxd4 Nf6 5. Nc3 g6 6. Be3 Bg7 7. f3 O-O 8. Bc4
Nc6 9. Qd2 Bd7 10. Bb3 Rc8 11. O-O-O Ne5 12. h4 h5 13. g4 hxg4 14. h5 Nxh5 15.
Rdg1 Qa5 16. Kb1 Rfe8 17. fxg4 Nxg4 18. Nf5 Nxe3 19. Rxg6 Bxf5 20. Rxh5 Qxc3 21.
bxc3 Bxg6 22. Rg5 Nc4 23. Bxc4 Rxc4 24. Rxg6 Rc5 25. Rg1 Rh5 26. Qd4 Re5 27. Rg3
f6 28. Qg1 Rg5 29. Rxg5 fxg5 30. Qxg5 Kf8 31. Kb2 Bf6 32. Qf5 Rd8 33. Kb3 1-0

[Event "10. Miedzynarodowy Turnieju Klubu Szachowego Polonia Wroclaw - OPEN A"]
[Site "Wroclaw"]
[Date "1899-12-30"]
[Round "9.10"]
[White "Rozycki, Bartlomiej"]
[Black "Kowalczyk, Rafal"]
[Result "0-1"]
[WhiteTitle "k++"]
[BlackTitle "k"]
[WhiteElo "2198"]
[BlackElo "2158"]

1. e4 e5 2. Nf3 Nc6 3. Bb5 a6 4. Ba4 Nf6 5. O-O Be7 6. Re1 b5 7. Bb3 d6 8. c3 O-O
9. h3 Nb8 10. d4 Nbd7 11. a4 Bb7 12. Nbd2 c5 13. d5 c4 14. Bc2 Qc7 15. Nf1 Nc5
16. Ng3 g6 17. Bh6 Rfb8 18. axb5 axb5 19. Qd2 Bc8 20. Ng5 Ra5 21. f4 Nb3 22. Bxb3
Qa7+ 23. Kh2 Rxa1 24. fxe5 Rxe1 25. Qxe1 dxe5 26. Bc2 b4 27. b3 Qa2 28. d6 Bd8
29. Qd1 Bd7 30. cxb4 Rxb4 31. Qe1 Rb8 32. Qc3 cxb3 33. Qc4 Be8 34. Bd3 Qa4 35.
Qc5 Qa5 36. Qf2 b2 37. Bc4 Qb6 0-1

[Event "10. Miedzynarodowy Turnieju Klubu Szachowego Polonia Wroclaw - OPEN A"]
[Site "Wroclaw"]
[Date "1899-12-30"]
[Round "9.11"]
[White "Maj, Pawel"]
[Black "Pajak, Jakub"]
[Result "1/2-1/2"]
[WhiteTitle "k"]
[BlackTitle "I+"]
[WhiteElo "2129"]
[BlackElo "1836"]

1. e4 c5 2. Na3 Nc6 3. Bb5 g6 4. Bxc6 dxc6 5. f4 Nf6 6. d3 e6 7. Nf3 Bg7 8. O-O
b6 9. Nc4 O-O 10. Ne3 Ba6 11. c4 b5 12. e5 Nd7 13. b3 f6 14. Bb2 Qc7 15. exf6
Bxf6 16. Bxf6 Rxf6 17. g3 Re8 18. Ng4 Rff8 19. Nge5 Rf5 20. h4 Nxe5 21. Nxe5 Rxe5
22. fxe5 Qxe5 23. Qf3 Qc7 24. Rae1 1/2-1/2